ბათუმის შოთა რუსთაველის სახელმწიფო უნივერსიტეტის ბიბლიოთეკა

Hiding from the light (ბიბ.ჩანაწერი № 45181)

000 -LEADER
fixed length control field 00455nam a2200205Ia 4500
001 - CONTROL NUMBER
control field 12004
003 - CONTROL NUMBER IDENTIFIER
control field GE_BSU
008 - FIXED-LENGTH DATA ELEMENTS--GENERAL INFORMATION
fixed length control field 181216s||||||||xx |||||||||||||| ||und||
020 ## - INTERNATIONAL STANDARD BOOK NUMBER
International Standard Book Number 1552784134
040 ## - CATALOGING SOURCE
Transcribing agency GE_BSU
080 ## - UNIVERSAL DECIMAL CLASSIFICATION NUMBER
Universal Decimal Classification number 821.111-32
100 ## - MAIN ENTRY--PERSONAL NAME
Personal name Erskine,Barbara
245 ## - TITLE STATEMENT
Title Hiding from the light
260 ## - PUBLICATION, DISTRIBUTION, ETC.
Place of publication, distribution, etc. Toronto
260 ## - PUBLICATION, DISTRIBUTION, ETC.
Name of publisher, distributor, etc. McArthur&Company
260 ## - PUBLICATION, DISTRIBUTION, ETC.
Date of publication, distribution, etc. 2003.
300 ## - PHYSICAL DESCRIPTION
Extent 718p;18cm.
653 ## - INDEX TERM--UNCONTROLLED
Uncontrolled term Hiding from the light
942 ## - ADDED ENTRY ELEMENTS (KOHA)
Koha item type წიგნი
ეგზემპლარები
Withdrawn status Lost status Damaged status Not for loan Date acquired Barcode Date last seen Price effective from Koha item type
        2018-12-17 35785 2018-12-17 2018-12-17 წიგნი